Ancien philosophy: a treatise of moral and metaphysical philosophy

Saved in:
Bibliografiske detaljer
Hovedforfatter: Maurice, Frederick Denison (autor)
Format: Bog
Sprog:engelsk
Udgivet: Londres Griffin 1861
Udgivelse:4a. ed
Fag:
Tags: Tilføj Tag
Ingen Tags, Vær først til at tagge denne postø!

MARC

LEADER 00000nam a2200000 a 4500
001 UCZ1350
003 CL-VaPUC
008 950824e18610000UK |||||||||||||||||eng|d
082 0 4 |a 180  |b MAU  |2 21 
100 |a Maurice, Frederick Denison  |e autor  |9 344905 
245 1 0 |a Ancien philosophy: a treatise of moral and metaphysical philosophy 
250 |a 4a. ed 
300 |a 260 p 
942 |c BK 
945 |d 19950824 00:00:00  |a aalvarez 
260 |a Londres  |b Griffin  |c 1861 
650 0 |a Filosofía antigua   |9 255705 
650 0 |a Metafísica  |9 265649 
651 0 |a China   |9 257545 
651 0 |a Roma   |9 255106 
651 0 |a Grecia  |9 265314 
651 0 |a Egipto   |9 268199 
651 7 |a PERSIA  |2 CL-VaPUC  |9 316501 
583 |a last modification  |c 19950824 00:00:00  |k Rodrigo Vera 
999 |c 238104  |d 238102 
952 |0 0  |1 0  |4 0  |6 180_000000000000000_MAU_1861  |7 0  |8 P  |9 248097  |a BIBEDU  |b BIBEDU  |c BIBEDU_PB  |d 2019-11-18  |i 3122980  |o 180 MAU 1861  |p 3122980  |r 2024-01-25  |w 2019-11-18  |y BK  |k FIL